| 000 | 00722nam a2200265Ia 4500 | ||
|---|---|---|---|
| 005 | 20260429112128.0 | ||
| 008 | 260429s9999||||xx |||||||||||||| ||und|| | ||
| 020 | _a9781349960897 | ||
| 041 | _aEnglish | ||
| 082 |
_a307.760 _bTIW |
||
| 100 | _aTiwari, Piyush | ||
| 245 | 0 |
_aIndia's reluctant urbanization : _bthinking beyond / _cPiyush Tiwari |
|
| 250 | _a1st ed. | ||
| 260 |
_aUnited Kingdom : _bPalgrave Macmillan, _c2024. |
||
| 300 | _avii, 259 p.; hb | ||
| 650 | _a Cities and towns | ||
| 650 | _a india | ||
| 650 | _aUrbanization | ||
| 700 | _a Ankinapalli, Pavan | ||
| 700 | _a Gulati, Manisha | ||
| 700 | _a Hingorani, Pritika | ||
| 700 | _a Nair, Ranesh | ||
| 700 | _a Rao, Jyoti | ||
| 942 | _cTB | ||
| 999 |
_c52493 _d52493 |
||